I'm scared to witness!: (Record no. 13165)

000 -LEADER
fixed length control field 00607nam a2200193 a 4500
001 - CONTROL NUMBER
control field :::00010983$&:&@@
003 - CONTROL NUMBER IDENTIFIER
control field OkBaRHE
005 - DATE AND TIME OF LATEST TRANSACTION
control field 20000607103404.0
008 - FIXED-LENGTH DATA ELEMENTS--GENERAL INFORMATION
fixed length control field s1979 j 000 0 eng u
040 ## - CATALOGING SOURCE
Transcribing agency
100 1# - MAIN ENTRY--PERSONAL NAME
Personal name Bonnici, Roberta.
245 10 - TITLE STATEMENT
Title I'm scared to witness!:
Remainder of title leader's guide.
260 ## - PUBLICATION, DISTRIBUTION, ETC. (IMPRINT)
Place of publication, distribution, etc Springfield, MO., :
Name of publisher, distributor, etc Gospel Publishing House
Date of publication, distribution, etc c1979
300 ## - PHYSICAL DESCRIPTION
Extent 46 p. ;
Dimensions 28 cm.
650 ## - SUBJECT ADDED ENTRY--TOPICAL TERM
Topical term or geographic name as entry element Evangelistic Work
650 ## - SUBJECT ADDED ENTRY--TOPICAL TERM
Topical term or geographic name as entry element Witness Bearing (Christianity)
942 ## - ADDED ENTRY ELEMENTS (KOHA)
Source of classification or shelving scheme
Koha item type Books
Copies
Lost status Date acquired Full call number Price effective from Withdrawn status Barcode Date last seen Copy number Koha item type Source of classification or shelving scheme Not for loan Shelving location Damaged status Permanent Location
 2010-04-14BV 4520 .B622010-04-14 109832010-04-141Books  General Stacks RHEMA Bible Training College